000 00561nam a22001817a 4500
005 20231121065557.0
008 231121b |||||||| |||| 00| 0 eng d
020 _a9780409116861
041 _aEnglish
082 _a343.4 PRA
100 _aClegg, D and Kotze, C
_lEnglish
245 _aLexisNexis Practical Guide to Tax in Namibia /
_cD Clegg and C Kotze
250 _aSeventh Edition
260 _aDurban :
_bLexisNexis,
_c2010
300 _bxv, 199 pages ;
_c22 cm.
650 _aLegal practice
_bLaw
942 _cBK
_6ALISON_BN_VRIES
999 _c820
_d820